Pink Floyd General Knowledge - Statistics

General Stats
  • This quiz has been taken 542 times
  • The average score is 9 of 10
Answer Stats
Fact/Instruction Answer % Correct
Most Famous Pink Floyd Album Dark Side of the Moon
96%
Author of "The Wall" Roger Waters
93%
Type of Music played by the Floyds Progressive Rock
91%
Year of release of the "Division Bell" 1994
90%
Last Active Year for the PF 1994
90%
When did Syd Barret leave? 1968
88%
Best PF guitar solo Comfortably Numb
88%
Original Creator of the PF Syd Barret
87%
Most famous PF song Money
74%
Date of Creation of PF 1964
72%
No matching quizzes found
Score Distribution
Percent of People with Each Score
Percentile by Number Answered
Your Score History
You have not taken this quiz